00413nam a2200133 a 450000500170000000800410001702000180005805000260007624500320010226000590013430000080019350000520020165000260025320140412111415.0070706s19uu xx 00 eng d a0-7696-3879-1 aTR(GS 428.6bT64 2005 aTotal Reading :bPreschool. aOhio :bSchool specialty children's publishing,c2005. a352 aIncludes stickers, Sequencing cards, and poster aReading Comprehension